000 00535nam a2200169 i 4500
001 61181
003 ES-MaACL
005 20230906164406.0
007 t|
008 031111q1953 sp ||||1| spa d
100 1 _aEstal, Gabriel del.
_948001
245 1 3 _aLo jurídico y lo metajurídico /
_cGabriel del Estal.
260 _aEl Escorial :
_b[s.n,
_c1953] (
_fImp. del Real Monasterio)
300 _a101 p. ;
_c24 cm.
500 _aEs separata de: La ciudad de Dips. V. 165-1953, p. 33-102.
852 _aES-MaACL
_j1932-F-15
_bR.34711
999 _c61181
_d61181